| 000 | 02929 a2200229 4500 | ||
|---|---|---|---|
| 001 | 51616 | ||
| 005 | 20260407155803.0 | ||
| 008 | 260407a2017 arg spa d | ||
| 003 | AR-UNSa-BCEJYS | ||
| 040 |
_aAR-UNSa-BCEJYS _bspa _cAR-UNSa-BCEJYS |
||
| 080 |
_a343.359 _xDelitos contra el fisco y otras autoridades administrativas (Derecho Penal Tributario, Delitos fiscales) |
||
| 245 | 1 | 0 | _aInstitutos de Derecho penal tributario |
| 020 | _a978-987-745-198-6 | ||
| 264 | 1 |
_aBuenos Aires : _bAD-HOC _c2017 |
|
| 300 |
_a2 v. (646 ; 635 p.) _c23 cm. |
||
| 505 | _aVol. I: 1. Justificación de la pena y límites al poder punitivo - 2. Aspecto temporal de las leyes penales y tributarias - 3. Aspectos básicos de la imputación - 4. Otros aspectos de la imputación - 5. Punibilidad, penas y formas de extinción de la responsabilidad -- Vol. II: 1. Denuncia de la AFIP en el proceso penal tributario - 2. ¿Mínima intervención o intervneción "mínima" del derecho penal en materia tributaria? - 3. Los ilícitos y sanciones del art. 40 de la ley de procedimiento tributario y la aplicación retroactiva de la ley 27.430 en función del principio de ley penal más benigna - 4. Aspectos procedimentales del nuevo Régimen Penal tributario - 5. Beneficios fiscales.Conceptos - 6. Los delitos fiscales en el proyecto de reforma del código penal - 7. ¿La tutela de las haciendas locales por el Congreso nacional puede considerarse constitucional? - 8. Refrescando notas sobre las derivaciones de la utilización de facturas apócrifas - 9. Evasión fiscal agravada por la utilización de facturas apócrifas - 10. Delitos contra la seguridad social - 11. Criminal compliance - 12. Ampliación del campo de imputación penal para las empresas - 13. Avances e incertidumbre en torno a la implemetación de reglas procesales para el enjuiciaminto penal de las personas jurídicas - 14. Novedades procesales para la imputación penal de las personas jurídicas - 15. La prescripción de la acción penal en el nuevo régimen penal tribuatario respecto a las personas jurídicas - 15. El inicio del plazo de prescripción de la acción penal en el delito de evasión tributaria - 16. La suspensión del proceso penal a prueba y los delitos tributarios - 17. La preparación integral del perjuicio en el marco del Régimen penal tributario - 18. La extinsión de la acción penal tribuatria por cancelación de obligaciones en la ley 27.430 - 19. Problemas derivados del nuevo art. 19 de la ley penal tributaria - 20. Cuando la primera impresión no es la que cuenta.Derivaciones de las pautas para no denunciar establecidas por el legislador en el nuevo régimen penal tributario - 21. Ley de blanqueo | ||
| 041 | _aspa | ||
| 942 | _cBK | ||
| 590 | _aniveau_biblio:m niveau_hierar:0 | ||
| 100 | 1 | _aRobiglio, Carolina L. | |
| 856 | 4 | 1 |
_uhttps://www.biblioeco.unsa.edu.ar/pmb/images/libros/L128263.jpg _yImagen de portada _qimage/jpeg |
| 999 |
_c5007 _d5007 |
||